000 00485nam a2200169Ia 4500
999 _c11433
_d11433
008 210107s9999 xx 000 0 und d
020 _a8177583352
100 _aKnuth, Donald E.
_91707
245 0 _aArt of computer programming : semi numerical algorithms
_cby Donald E. Knuth.
250 _a3rd ed.
260 _aDelhi
_bPearson Education
_c1998
300 _a762p.
440 _aSeminumerical Algorithms
490 _vVol. 2
650 0 _aComputer programming
942 _cBK
_2ddc